Zen war stories (Record no. 91700)

MARC details
000 -LEADER
fixed length control field 00789nam a2200229Ia 4500
008 - FIXED-LENGTH DATA ELEMENTS--GENERAL INFORMATION
fixed length control field 191130s2003##################000#0#eng##
020 ## - INTERNATIONAL STANDARD BOOK NUMBER
ISBN 9780700715800
082 ## - DEWEY DECIMAL CLASSIFICATION NUMBER
Classification number 940.53520882943 VIC
100 ## - MAIN ENTRY--AUTHOR NAME
Personal name Victoria, Daizen
245 ## - TITLE STATEMENT
Title Zen war stories
Statement of responsibility, etc Brian Daizen Victoria
260 ## - PUBLICATION, DISTRIBUTION, ETC. (IMPRINT)
Place of publication London ; New York
Name of publisher RoutledgeCurzon
Year of publication c2003
300 ## - PHYSICAL DESCRIPTION
Number of Pages xviii, 268 p. : ill. ; 24 cm
500 ## - GENERAL NOTE
General note Includes bibliographical references (p. 251-257) and index
650 ## - SUBJECT ADDED ENTRY--TOPICAL TERM
Topical Term Buddhism and state - Japan - History - 20th century
Topical Term World War, 1939-1945 - Religious aspects - Zen Buddhism
Topical Term Zen Buddhism - Japan - History - 20th century
991 ## -
-- 126576
Holdings
Withdrawn status Lost status Damaged status Not for loan Home library Current library Shelving location Date acquired Full call number Accession Number Price effective from Koha item type
        Anna Centenary Library Anna Centenary Library 7TH FLOOR, B WING 09.10.2020 940.53520882943 VIC 170527 09.10.2020 English Books

Find us on the map